| 000 | 00581 a2200169 4500 | ||
|---|---|---|---|
| 001 | 143943 | ||
| 040 | _cLeonardo Da Vinci | ||
| 041 | _aPortuguês | ||
| 082 |
_ar011.6 B477b _bB477b |
||
| 245 | _aBIBLIOGRAFIA brasileira de literatura infantil e juvenil | ||
| 250 | _av.13 | ||
| 260 |
_bSeção de Bibliografia e Documentação da Biblioteca Infanto-Juvenil
Monteiro Lobato _c2005 _aSão Paulo |
||
| 362 | _a20050000 | ||
| 500 | _aContinuação de: Bibliografia de literatura infantil em Língua Portuguesa | ||
| 697 |
_aBibliografia _aLiteratura Infanto-Juvenil |
||
| 942 | _cBK | ||
| 999 |
_c143943 _d143943 |
||